Logo na O - Statystyki

Ogólne statystyki
  • Ten quiz został rozwiązany 37 razy
  • Średni wynik to 13 z 18
Statystyki odpowiedzi
Obrazkowy Hint Odpowiedź % Poprawnych
Wiadomości Onet
97%
Samochody Opel
97%
Telekomunikacja Orange
97%
Stacja paliw Orlen
97%
Przeglądarka Opera
94%
Słodycze Oreo
94%
Sprzedaż internetowa OLX
88%
Market budowlany OBI
84%
Zegarki Omega
84%
Sprzedaż internetowa Otomoto
75%
Alkohol Okocim
72%
Moda Ochnik
63%
Sklep spożywczy Odido
59%
Program Outlook
53%
Okna Oknoplast
44%
Odżywki Olimp
44%
Sprzedaż internetowa Otodom
34%
Samochody Omoda
22%
Nie znaleziono quizów pasujących do podanych kryteriów
Rozkład punktacji
Procent ludzi z każdym wynikiem
Percentyl według liczby udzielonych odpowiedzi
Twoja historia wyników
Nie rozwiązałeś tego quizu